Fundamentals of light microscopy and electronic imaging / (Record no. 17475)

MARC details
000 -LEADER
fixed length control field 01804cam a2200313 i 4500
001 - CONTROL NUMBER
control field 17200228
003 - CONTROL NUMBER IDENTIFIER
control field EG-ScBUE
005 - DATE AND TIME OF LATEST TRANSACTION
control field 20260106095958.0
008 - FIXED-LENGTH DATA ELEMENTS--GENERAL INFORMATION
fixed length control field 120306t2013 njua f b 001 0 eng d
020 ## - INTERNATIONAL STANDARD BOOK NUMBER
International Standard Book Number 9780471692140 (cloth)
040 ## - CATALOGING SOURCE
Original cataloging agency EG-ScBUE
Language of cataloging eng
Description conventions rda
Transcribing agency EG-ScBUE
Modifying agency EG-ScBUE
082 04 - DEWEY DECIMAL CLASSIFICATION NUMBER
Classification number 502.82
Edition number 22
Item number MUR
100 1# - MAIN ENTRY--PERSONAL NAME
Personal name Murphy, Douglas B.,
Relator term author.
9 (RLIN) 33221
245 10 - TITLE STATEMENT
Title Fundamentals of light microscopy and electronic imaging /
Statement of responsibility, etc Douglas B. Murphy, Michael W. Davidson.
250 ## - EDITION STATEMENT
Edition statement Second edition.
264 #1 - PUBLICATION, DISTRIBUTION, ETC. (IMPRINT)
Place of publication, distribution, etc Hoboken, N.J. :
Name of publisher, distributor, etc Wiley-Blackwell,
Date of publication, distribution, etc [2013]
264 #4 - PUBLICATION, DISTRIBUTION, ETC. (IMPRINT)
Date of publication, distribution, etc c2013
300 ## - PHYSICAL DESCRIPTION
Extent xiii, 538 pages :
Other physical details illustrations (chiefly color) ;
Dimensions 27 cm
336 ## - CONTENT TYPE
Source rdacontent
Content type term text
Content type code txt
337 ## - MEDIA TYPE
Media type term unmediated
Source rdamedia
Media type code n
338 ## - CARRIER TYPE
Carrier type term volume
Carrier type code nc
Source rdacarrier
504 ## - BIBLIOGRAPHY, ETC. NOTE
Bibliography, etc Includes bibliographical references and index.
505 0# - FORMATTED CONTENTS NOTE
Formatted contents note Fundamentals of light microscopy -- Light and color -- Illuminators, filters, and the isolation of specific wavelengths -- Lenses and geometrical optics -- Diffraction and interference in image formation -- Diffraction and spatial resolution -- Phase contrast microscopy and darkfield microscopy -- Properties of polarized light -- Polarization microscopy -- Differential interference contrast (DIC) microscopy and modulation contrast microscopy -- Fluorescence microscopy -- Fluorescence imaging of dynamic molecular processes -- Confocal laser scanning microscopy -- Two-photon excitation fluorescence microscopy -- Superresolution imaging -- Imaging living cells with the microscope -- Fundamentals of digital imaging -- Digital imaging processing.
650 #7 - SUBJECT ADDED ENTRY--TOPICAL TERM
Topical term or geographic name as entry element Microscopy.
Source of heading or term BUEsh
9 (RLIN) 33222
653 ## - INDEX TERM--UNCONTROLLED
Arrived date list May2013
655 ## - INDEX TERM--GENRE/FORM
Form subdivision Reading book
700 1# - ADDED ENTRY--PERSONAL NAME
Personal name Davidson, Michael W.
Fuller form of name (Michael Wesley),
Dates associated with a name 1950-
Relator term author.
9 (RLIN) 33225
942 ## - ADDED ENTRY ELEMENTS (KOHA)
Source of classification or shelving scheme Dewey Decimal Classification
Koha item type Book - Borrowing
Holdings
Withdrawn status Lost status Source of classification or shelving scheme Damaged status Not for loan Collection code Home library Current library Shelving location Date acquired Source of acquisition Cost, normal purchase price Serial Enumeration / chronology Total Checkouts Full call number Barcode Date last seen Cost, replacement price Price effective from Koha item type
    Dewey Decimal Classification     Baccah Central Library Central Library First floor 16/05/2013   850.00 17733   502.82 MUR 000028746 15/07/2025 1062.50 16/05/2013 Book - Borrowing